000 00319 a2200145 4500
001 47955
040 _cAnchieta - Aquarius
100 _aHeck, Lenira Almeida
240 1 0 _aA borboleta azul
_lpor
245 1 0 _aA borboleta azul
300 _a28
362 0 _a2006
650 4 _aLiteratura infanto-juvenil
942 _cBK
999 _c47955
_d47955